000 00510ntaaa2200193 4500
003 01
005 20251027202206.0
008 0714s1973 ag 01
040 _aAR-BaBN
_bspa
_cAR-BaBN
_eaacr
_dRIC
082 _a267.4000 T36
100 _aThomas, Lonnie Benson
_920498
245 _aTo be continued
250 _a1 ed.
260 _aNashville :
_bBroadman Press,
_cc1938
300 _a66 p
500 _aHistoria de la Unión Femenil Misionera
650 _aSociedad femenil misionera
_910447
942 _cBK
999 _c16855
_d16855